| 000 | 02205cam a2200385 i 4500 | ||
|---|---|---|---|
| 001 | 17718448 | ||
| 003 | NUST | ||
| 005 | 20211012112718.0 | ||
| 008 | 130430s2013 si a b 001 0 eng | ||
| 010 | _a 2013008893 | ||
| 020 | _a9781118632154 | ||
| 038 | _akhadija | ||
| 040 |
_aDLC _beng _cDLC _erda _dDLC |
||
| 042 | _apcc | ||
| 050 | 0 | 0 |
_aTA355 _b.W82 2013 |
| 082 | 0 | 0 |
_a620.301 _223 _bSHY |
| 100 | 1 |
_aWu, Jong-Shyong. _934753 |
|
| 245 | 1 | 0 |
_aAnalytical and Numerical Methods for Vibration Analyses _cJong-Shyong Wu. |
| 264 | 1 |
_aSingapore : _bJohn Wiley & Sons Inc., _c2013. |
|
| 300 |
_axvii, 706 pages : _billustrations ; _c26 cm |
||
| 336 |
_atext _2rdacontent |
||
| 337 |
_aunmediated _2rdamedia |
||
| 338 |
_avolume _2rdacarrier |
||
| 504 | _aIncludes bibliographical references and index. | ||
| 520 |
_a"This book illustrates theories and associated mathematical expressions with numerical examples using various methods, leading to exact solutions, more accurate results, and more computationally efficient techniques. It presents the derivations of the equations of motion for all structure foundations using either the continuous model or the discrete model. It discusses applications for students taking courses including vibration mechanics, dynamics of structures, and finite element analyses of structures, the transfer matrix method, and Jacobi method"-- _cProvided by publisher. |
||
| 520 |
_a"A book to introduce the theories or methods presented in some of the author's publications appearing in the international journals"-- _cProvided by publisher. |
||
| 563 | _ahardcover | ||
| 650 | 0 |
_aVibration _xMathematical models. _934754 |
|
| 650 | 0 |
_aStructural analysis (Engineering) _xMathematical models. _934755 |
|
| 776 | 0 | 8 |
_iOnline version: _aWu, Jong-Shyong. _tAnalytical and numerical methods for vibration analyses _dHoboken, NJ : John Wiley & Sons Inc., 2013 _z9781118632345 _w(DLC) 2013017916 |
| 856 | 4 | 2 |
_3Cover image _uhttp://catalogimages.wiley.com/images/db/jimages/9781118632154.jpg |
| 906 |
_a7 _bcbc _corignew _d1 _eecip _f20 _gy-gencatlg |
||
| 942 |
_2ddc _cBK |
||
| 999 |
_c540627 _d540627 |
||